00377nam a2200157Ia 45000030006000000050017000060080041000230400009000640410012000730820015000851000017001002450029001172600040001463000008001866500025001940Nust20170105110252.0161124s9999 xx 000 0 und d cIGIS aEnglish a823.8bHAR aThomas Hardy 4aThe Return of the native aislamabadbnational book foundation a337 aReturn of the native